000 00475nam a2200169Ia 4500
008 240729s9999 xx 000 0 und d
022 _a2833-8073
245 0 _aJournal of CME
260 _aUnited Kingdom
260 _bTaylor & Francis Group
650 _a Public aspects of medicine | Education
650 _a Special aspects of education
650 _aMedicine
856 _uhttps://doaj.org/toc/ec8ac23c39e842aa8f151dd29140c320
942 _2ddc
942 _cDOAJEJ
999 _c74992
_d74992
945 _a1
_bMadushi Gamage
_c1
_dMadushi Gamage